|
|
|
|
| LEADER |
01442cas a2200253 a 4500 |
| 001 |
AALejournalIMF005356 |
| 008 |
230101c9999 xx r poo 0 0eng d |
| 020 |
|
|
|c 5.00 USD
|
| 020 |
|
|
|z 9781451943795
|
| 022 |
|
|
|a 0047-083X
|
| 040 |
|
|
|a BD-DhAAL
|c BD-DhAAL
|
| 110 |
2 |
|
|a International Monetary Fund.
|b External Relations Dept.
|
| 240 |
1 |
0 |
|a Boletin del FMI Vol.37, No.9 septiembre de 2008.
|l Spanish
|
| 245 |
1 |
0 |
|a Boletin del FMI Vol.37, No.9 septiembre de 2008.
|
| 264 |
|
1 |
|a Washington, D.C. :
|b International Monetary Fund,
|c 2008.
|
| 300 |
|
|
|a 1 online resource (16 pages)
|
| 490 |
1 |
|
|a IMF Survey
|
| 500 |
|
|
|a <strong>Off-Campus Access:</strong> No User ID or Password Required
|
| 500 |
|
|
|a <strong>On-Campus Access:</strong> No User ID or Password Required
|
| 506 |
|
|
|a Electronic access restricted to authorized BRAC University faculty, staff and students
|
| 520 |
3 |
|
|a Entrevista a Antoinette Sayeh; El FMI define la funcion de supervision; Georgia; Entrevista a Blanchard; Sector financiero africano; La UEM frente a la desaceleracion; Mayor convergencia gracias a la UE; Fondos soberanos de inversion; Shock para el Reino Unido; Politica monetaria uruguaya; Bonanza petrolera en Arabia Saudita; Notas breves.
|
| 538 |
|
|
|a Mode of access: Internet
|
| 830 |
|
0 |
|a IMF Survey; IMF Survey ;
|v No. 0037/009
|
| 856 |
4 |
0 |
|z Full text available on IMF
|u http://elibrary.imf.org/view/journals/023/0037/009/023.0037.issue-009-es.xml
|z IMF e-Library
|